01100 2200205 4500001002100000005001500021035002000036008004100056245003600097100001500133250000600148260003800154300001200192084001400204082000800218650001000226520063400236990001200870990001200882INLIS00000000000091120240603090035 a0010-0524000146240603 1 ind 1 aSemester Terakhir /cAnak S-E-N aAnak S-E-N a1 aYogyakarta :bSheila/ Andi,c2013 a200 hlm a813 ANA s a813 4aFiksi aSemua masalah di sekolahku berasal dari kelasku. Tidak mudah memimpin teman-teman kelasku yang semuanya bermasalah. Sebagai anak sekolah, kami terbelakang. Sebagai remaja penerus generasi bangsa, kami tidak bisa diharapkan. Kelas III B harus berubah! Dan perubahan itu harus dilakukan sekarang karena saat ini kami hidup di semester terakhir. Diperlukan tekad, kerja keras, kelucuan dan kebersamaan untuk mengubah citra kelas III B. Dan di puncak keremajaan ini, kami juga harus berjuang untuk jadi dewasa. Jadi kami harus melakukan apa yang dilakukan burung rajawali yang berusia 40 tahun, agar kami mendapatkan nyawa ke-2 kami. a0741424 a0741425